Paroles - Sous le vent - Garou / Céline Dion - Statistiques

Statistiques générales
  • Ce quiz a été pris 270 fois
  • Le résultat moyen est 221 sur 250
Statistiques - réponses
Réponse % Correct
le
99%
sous
99%
Sous
99%
vent
99%
j'ai
98%
J'ai
98%
si
98%
Et
97%
Et ..
97%
tu
97%
à
96%
C'est
96%
c'est
96%
la
96%
Un
96%
un
96%
crois
95%
que
95%
me
94%
Je
93%
je
93%
voile
92%
de
91%
grande
91%
mon
91%
peu
91%
eu
90%
faux
89%
fini
89%
qui
89%
les
88%
mer
88%
comme
86%
glissé
86%
pris
86%
sorti
86%
une
86%
étoile
85%
j'avais
84%
javais
84%
peur
84%
instant
83%
l'ai
83%
terre
83%
trouvé
83%
coeur
80%
dangers
79%
des
79%
pause
79%
repos
79%
Après
78%
Jamais
78%
juste
78%
quittais
78%
répit
77%
donne
76%
suivie
76%
en
74%
tort
74%
Fais
73%
souffle
72%
t'oublie
71%
vacances
71%
avant
70%
Écoute
70%
Attends
68%
d'or
67%
pousse
65%
yeux
54%
Ferme
53%
nuit
53%
ton
42%
aux
41%
vents
39%
corps
38%
Respire
35%
Ouvre
33%
Aucun quiz correspondant
Distribution des résultats
% des personnes avec chaque résultat
Percentile par nombre de réponses
Votre historique - résultats
Vous n’avez pas pris ce quiz